Statystyki dla sklepy niemiecki

Kliknij tutaj aby rozwiązać quiz!

Ogólne statystyki

  • Ten quiz został rozwiązany 15 razy
  • Średni wynik to 3 z 10

Statystyki odpowiedzi

HintOdpowiedź% Poprawnych
aptekadie Apotheke
82%
piekarniadie Bäckerei
55%
supermarketder Supermarket
36%
sklep mięsnydie Metzgerei
36%
kwiaciarniader Blumenladen
18%
dom handlowydas Kaufhaus
9%
sklep z zdrowa zywnosciader Bioladen
9%
cukierniadie Konditorei
9%
warzywniakdas Gemüsegeschäft
0%
sklep spozywczydas Lebensmittelgeschäft
0%

Rozkład punktacji

Percentyl według liczby udzielonych odpowiedzi

Procent ludzi z każdym wynikiem

Twoja historia wyników

Nie rozwiązałeś tego quizu